000 00266nam a2200109Ia 4500
008 190216s9999||||xx |||||||||||||| ||und||
100 _aMaheshwaran .s N
245 0 _aManagement Accounting And Financial Control
260 _bNull
_c1984
300 _a2891
942 _cBK
999 _c5050
_d5050